000
00269nam a22001217a 4500
008
230626b xxu||||| |||| 00| 0 eng d
082
_a
331.09
_b
ILO
100
_c
C.S ilomo
245
_a
Misingi ya Ufanisi wa Kazi
260
_c
1977
300
_a
326p
942
_2
ddc
_c
BK
999
_c
2611
_d
2611